[Event "IECC M1-2013.T063"]
[Site "IECC email"]
[Date "2013.08.12"]
[Round "?"]
[White "Cave, John S"]
[Black "Hill, Phill"]
[Result "0-1"]
[WhiteElo "1402"]
[BlackElo "1324"]
[PlyCount "46"]
[EventDate "2013.??.??"]
[EventType "match (corr)"]
[EventRounds "2"]
[SourceTitle "Telechess CBM 165"]
[Source "ChessBase"]
[SourceDate "2015.03.11"]
[SourceVersion "1"]
[SourceVersionDate "2015.03.11"]
[SourceQuality "1"]
[WhiteTeam "US of America"]
[BlackTeam "US of America"]
[WhiteTeamCountry "USA"]
[BlackTeamCountry "USA"]

1. d4 Nf6 2. c4 c5 3. d5 b5 4. cxb5 a6 5. Nc3 axb5 6. Nxb5 Qa5+ 7. Nc3 Ba6 8. Bd2 d6 9. Nf3 Nbd7 10. g3 Rb8 11. b3 Qb4 12. Bg2 g6 13. 0-0 Bg7 14. Rc1 0-0 15. Re1 Rfc8 16. e3 Ng4 17. Ne2 Qa3 18. Rc2 Bd3 19. Bc1 Bxc2 20. Qxc2 Qa6 21. Bf1 Nde5 22. Nf4 Nxf3+ 23. Kg2 Nxe1+ 0-1

[Event "IECC O-3462"]
[Site "IECC email"]
[Date "2012.06.30"]
[Round "?"]
[White "Hill, Phill"]
[Black "Kellaway, Ted"]
[Result "1-0"]
[WhiteElo "1100"]
[BlackElo "1116"]
[PlyCount "56"]
[EventDate "2012.??.??"]
[EventType "swiss (corr)"]
[EventRounds "2"]
[SourceTitle "Telechess CBM 165"]
[Source "ChessBase"]
[SourceDate "2015.03.11"]
[SourceVersion "1"]
[SourceVersionDate "2015.03.11"]
[SourceQuality "1"]
[WhiteTeam "US of America"]
[BlackTeam "South Africa"]
[WhiteTeamCountry "USA"]
[BlackTeamCountry "RSA"]

1. e4 e5 2. Nf3 Nc6 3. Bb5 a6 4. Ba4 h6 5. 0-0 Nf6 6. Bxc6 bxc6 7. Nxe5 Bd6 8. Nf3 Ng4 9. e5 Nxe5 10. Re1 0-0 11. Nxe5 Re8 12. d4 Re7 13. Nc3 Bb7 14. Bf4 Qe8 15. Ne4 Re6 16. Nxd6 cxd6 17. Nc4 Rxe1+ 18. Qxe1 Qe6 19. Nxd6 Kf8 20. Qb4 Kg8 21. Qxb7 Rf8 22. Qxa6 g5 23. Bg3 f5 24. Be5 f4 25. Qd3 Rb8 26. a4 Rxb2 27. a5 Kf8 28. Qh7 Qg8 1-0